[Event "Minsk Kupreichik Memorial"]
[Site "Minsk"]
[Date "2018.06.23"]
[Round "11"]
[White "Sveshnikov, Evgeny"]
[Black "Chekhov, Valery A"]
[Result "1/2-1/2"]
[WhiteElo "2464"]
[BlackElo "2457"]
[PlyCount "37"]
[EventDate "2018.06.21"]
[EventType "tourn (rapid)"]
[EventRounds "13"]
[EventCountry "BLR"]
[EventCategory "7"]
[SourceTitle "CBM 185 Extra"]
[Source "ChessBase"]
[SourceDate "2018.07.29"]
[SourceVersion "1"]
[SourceVersionDate "2018.07.29"]
[SourceQuality "1"]

1. e4 e5 2. Nc3 Nf6 3. g3 Nc6 4. Bg2 Bc5 5. Nge2 0-0 6. 0-0 a6 7. Nd5 d6 8. h3 Ba7 9. Nec3 Nd4 10. Nxf6+ Qxf6 11. Nd5 Qd8 12. c3 Ne6 13. d3 c6 14. Ne3 g6 15. Kh2 f5 16. exf5 gxf5 17. Qh5 Ng7 18. Qe2 f4 19. Nc2 1/2-1/2

[Event "Minsk Kupreichik Memorial"]
[Site "Minsk"]
[Date "2018.06.22"]
[Round "8"]
[White "Chekhov, Valery A"]
[Black "Tukmakov, Vladimir B"]
[Result "1-0"]
[WhiteElo "2457"]
[BlackElo "2540"]
[PlyCount "107"]
[EventDate "2018.06.21"]
[EventType "tourn (rapid)"]
[EventRounds "13"]
[EventCountry "BLR"]
[EventCategory "7"]
[SourceTitle "CBM 185 Extra"]
[Source "ChessBase"]
[SourceDate "2018.07.29"]
[SourceVersion "1"]
[SourceVersionDate "2018.07.29"]
[SourceQuality "1"]

1. c4 e5 2. Nc3 Nf6 3. Nf3 Nc6 4. e3 Bb4 5. Qc2 0-0 6. Nd5 a5 7. a3 Bd6 8. Ng5 g6 9. Nxf6+ Qxf6 10. Ne4 Qd8 11. Nxd6 cxd6 12. b3 b6 13. Be2 Bb7 14. Bf3 Qc7 15. 0-0 Ne7 16. Bxb7 Qxb7 17. Qd3 Qc6 18. a4 Nf5 19. Ba3 Rfe8 20. Bb2 Re6 21. e4 Ne7 22. f4 f5 23. Rae1 Rf8 24. fxe5 dxe5 25. exf5 Rxf5 26. Rxf5 Nxf5 27. Qd5 Ne7 28. Qb5 e4 29. Qg5 Qc5+ 30. Qxc5 bxc5 31. Ba3 d6 32. d3 Nf5 33. Rxe4 Rxe4 34. dxe4 Nd4 35. e5 Kf7 36. exd6 Nxb3 37. Kf2 Ke6 38. Ke3 Kxd6 39. Bb2 Ke6 40. g4 h5 41. h3 hxg4 42. hxg4 Kd6 43. Kd3 Ke6 44. Kc2 Nd4+ 45. Bxd4 cxd4 46. Kd3 Ke5 47. g5 Kf5 48. c5 Ke5 49. c6 Kd6 50. Kxd4 Kxc6 51. Ke5 Kc5 52. Kf6 Kb4 53. Kxg6 Kxa4 54. Kf5 1-0

[Event "Minsk Kupreichik Memorial"]
[Site "Minsk"]
[Date "2018.06.21"]
[Round "1"]
[White "Kovalev, Andrei"]
[Black "Chekhov, Valery A"]
[Result "1/2-1/2"]
[WhiteElo "2518"]
[BlackElo "2457"]
[PlyCount "44"]
[EventDate "2018.06.21"]
[EventType "tourn (rapid)"]
[EventRounds "13"]
[EventCountry "BLR"]
[EventCategory "7"]
[SourceTitle "CBM 185 Extra"]
[Source "ChessBase"]
[SourceDate "2018.07.29"]
[SourceVersion "1"]
[SourceVersionDate "2018.07.29"]
[SourceQuality "1"]

1. e4 e5 2. Nf3 Nc6 3. Bb5 a6 4. Ba4 Nf6 5. d3 d6 6. c3 Bd7 7. 0-0 g6 8. Re1 Bg7 9. Bg5 h6 10. Bh4 0-0 11. Nbd2 Qe8 12. Bb3 Nh5 13. Nf1 Nf4 14. Bg3 Kh7 15. d4 Nh5 16. Bh4 Bg4 17. d5 Ne7 18. Ne3 Bd7 19. Bc2 a5 20. Nd2 Ng8 21. f3 Bf6 22. Bxf6 Ngxf6 1/2-1/2

[Event "Minsk Kupreichik Memorial"]
[Site "Minsk"]
[Date "2018.06.21"]
[Round "3"]
[White "Mochalov, Evgeny Veniaminovic"]
[Black "Chekhov, Valery A"]
[Result "0-1"]
[WhiteElo "2374"]
[BlackElo "2457"]
[PlyCount "55"]
[EventDate "2018.06.21"]
[EventType "tourn (rapid)"]
[EventRounds "13"]
[EventCountry "BLR"]
[EventCategory "7"]
[SourceTitle "CBM 185 Extra"]
[Source "ChessBase"]
[SourceDate "2018.07.29"]
[SourceVersion "1"]
[SourceVersionDate "2018.07.29"]
[SourceQuality "1"]

1. d4 d5 2. c4 e6 3. Nf3 Nf6 4. g3 dxc4 5. Bg2 c6 6. 0-0 b5 7. Bg5 Bb7 8. Ne5 h6 9. Bxf6 gxf6 10. Ng4 h5 11. Ne3 Nd7 12. b3 cxb3 13. axb3 Qb6 14. Nc3 f5 15. Nc2 c5 16. d5 Bg7 17. Qd2 0-0-0 18. e4 Nf6 19. Qe2 Nxe4 20. Nxe4 fxe4 21. dxe6 Bxa1 22. Rxa1 fxe6 23. Bxe4 Bd5 24. Bxd5 exd5 25. Ne3 d4 26. Nf5 Kb8 27. Qe5+ Qc7 28. Qf6 0-1

[Event "Moscow Aeroflot op-A"]
[Site "Moscow"]
[Date "2004.02.17"]
[Round "1"]
[White "Ehlvest, Jaan"]
[Black "Chekhov, Valery A"]
[Result "1-0"]
[WhiteElo "2602"]
[BlackElo "2491"]
[PlyCount "91"]
[EventDate "2004.02.17"]
[EventType "swiss"]
[EventRounds "9"]
[EventCountry "RUS"]
[SourceTitle "EXT 2005"]
[Source "ChessBase"]
[SourceDate "2004.11.15"]
[SourceVersion "1"]
[SourceVersionDate "2004.11.15"]
[SourceQuality "1"]

1. e4 c5 2. Nf3 e6 3. d3 Nc6 4. g3 d6 5. Bg2 Nf6 6. 0-0 Be7 7. c4 0-0 8. Nc3 Bd7 9. d4 e5 10. dxc5 dxc5 11. h3 Qc8 12. Kh2 Re8 13. Be3 Qb8 14. Ne1 Rd8 15. Qc1 h5 16. Bg5 Nh7 17. Bd2 h4 18. Nd5 Qd6 19. Nc2 Be6 20. Nce3 Nd4 21. Qd1 Bg5 22. Bc3 Nf6 23. Kh1 hxg3 24. fxg3 Bxd5 25. Nxd5 Nxd5 26. cxd5 a5 27. h4 Qh6 28. Bxd4 cxd4 29. Rf5 Bf6 30. Qg4 Rac8 31. Raf1 Qg6 32. Qf3 Rc2 33. g4 Bxh4 34. Rxe5 Bg5 35. Rxg5 Qxg5 36. Qxf7+ Kh8 37. Qf3 Rc1 38. Kh2 Qe5+ 39. Kh3 Rd6 40. g5 Qxg5 41. Qf8+ Kh7 42. Qxd6 Qh5+ 43. Kg3 Rc2 44. Bh3 Qg5+ 45. Bg4 Rc1 46. Qf4 1-0

[Event "Ashdod op 1st"]
[Site "Ashdod"]
[Date "2003.10.13"]
[Round "3"]
[White "Huzman, Alexander"]
[Black "Chekhov, Valery A"]
[Result "1/2-1/2"]
[WhiteElo "2574"]
[BlackElo "2464"]
[PlyCount "135"]
[EventDate "2003.10.04"]
[EventType "swiss"]
[EventRounds "9"]
[EventCountry "ISR"]
[SourceTitle "CBM 096 Extra"]
[Source "ChessBase"]
[SourceDate "2003.10.22"]
[SourceVersion "2"]
[SourceVersionDate "2003.10.20"]
[SourceQuality "1"]

1. d4 d5 2. c4 e6 3. Nf3 c6 4. Qc2 dxc4 5. Qxc4 Nf6 6. Bg5 b5 7. Qc2 Bb7 8. Nbd2 Nbd7 9. a4 a6 10. e3 Qb6 11. Be2 c5 12. axb5 axb5 13. Rxa8+ Bxa8 14. 0-0 Bb7 15. Rc1 Be7 16. dxc5 Bxc5 17. Bxf6 gxf6 18. Ne4 Be7 19. Nd4 0-0 20. Bxb5 Rc8 21. Nc3 Ne5 22. Qd1 Kh8 23. Na4 Rxc1 24. Qxc1 Qd6 25. h3 Ng6 26. Bc6 e5 27. Bxb7 exd4 28. exd4 Qxd4 29. Nc3 Bc5 30. Qc2 Qe5 31. Qe2 Qf4 32. Qc2 Bd4 33. Be4 Qe5 34. Kf1 Bxc3 35. bxc3 Qh2 36. Bxg6 hxg6 37. Qe4 Qh1+ 38. Ke2 Qc1 39. Qd4 Qc2+ 40. Kf3 Kg7 41. g3 g5 42. Kg2 Kg6 43. c4 f5 44. Qd6+ f6 45. Qd5 Qe2 46. c5 g4 47. hxg4 fxg4 48. c6 Qc2 49. Qg8+ Kh6 50. Qe6 Kg7 51. Qd5 Kg6 52. Qd7 Qe4+ 53. Kf1 Qh1+ 54. Ke2 Qe4+ 55. Kd2 Qb4+ 56. Kd3 Qb3+ 57. Kd4 Qb4+ 58. Kd5 Qb5+ 59. Ke4 Qb4+ 60. Ke3 Qc5+ 61. Kd3 Qb5+ 62. Kc3 Qc5+ 63. Kb3 Qb5+ 64. Kc2 Qc4+ 65. Kd2 Qb4+ 66. Ke2 Qe4+ 67. Kd1 Qb1+ 68. Kd2 1/2-1/2

[Event "Serpukhov-A"]
[Site "Serpukhov"]
[Date "2003.??.??"]
[Round "14"]
[White "Chekhov, Valery A"]
[Black "Arzumanian, Georgy"]
[Result "1/2-1/2"]
[WhiteElo "2466"]
[BlackElo "2455"]
[PlyCount "53"]
[EventDate "2003.01.??"]
[EventType "tourn"]
[EventRounds "17"]
[EventCountry "RUS"]
[EventCategory "8"]
[SourceTitle "EXT 2004"]
[Source "ChessBase"]
[SourceDate "2003.11.25"]
[SourceVersion "1"]
[SourceVersionDate "2003.11.25"]
[SourceQuality "1"]

1. e4 c5 2. Nc3 Nc6 3. g3 g6 4. Bg2 Bg7 5. d3 Rb8 6. f4 b5 7. Nf3 b4 8. Ne2 d6 9. 0-0 Nf6 10. h3 0-0 11. g4 Nd7 12. f5 Nb6 13. Qe1 e6 14. Bg5 f6 15. Bd2 d5 16. Nf4 e5 17. Nxd5 Nxd5 18. exd5 Ne7 19. fxg6 hxg6 20. g5 Nxd5 21. gxf6 Nxf6 22. Qxe5 Bb7 23. Qg3 c4 24. Qxg6 Qb6+ 25. Rf2 cxd3 26. cxd3 Nd5 27. Qxb6 1/2-1/2

[Event "Serpukhov-A"]
[Site "Serpukhov"]
[Date "2003.??.??"]
[Round "16"]
[White "Kornev, Alexei"]
[Black "Chekhov, Valery A"]
[Result "1-0"]
[WhiteElo "2558"]
[BlackElo "2466"]
[PlyCount "55"]
[EventDate "2003.01.??"]
[EventType "tourn"]
[EventRounds "17"]
[EventCountry "RUS"]
[EventCategory "8"]
[SourceTitle "EXT 2004"]
[Source "ChessBase"]
[SourceDate "2003.11.25"]
[SourceVersion "1"]
[SourceVersionDate "2003.11.25"]
[SourceQuality "1"]

1. e4 e5 2. Nf3 Nc6 3. Bb5 a6 4. Ba4 Nf6 5. 0-0 Nxe4 6. d4 b5 7. Bb3 d5 8. dxe5 Be6 9. Nbd2 Nc5 10. c3 Be7 11. Bc2 Bg4 12. Re1 0-0 13. Nf1 Re8 14. Bf4 Bh5 15. Ng3 Bg6 16. Nf5 Qd7 17. g4 f6 18. Qd2 Rad8 19. Rad1 Qc8 20. exf6 Bxf6 21. Rxe8+ Bxe8 22. Qe3 Ne4 23. Rxd5 Rxd5 24. Qxe4 Qd7 25. Ne3 Bf7 26. Qxh7+ Kf8 27. Qh8+ Ke7 28. g5 1-0

[Event "Pripis Memorial"]
[Site "Moscow"]
[Date "2000.??.??"]
[Round "9"]
[White "Akobian, Varuzhan"]
[Black "Chekhov, Valery A"]
[Result "1/2-1/2"]
[WhiteElo "2417"]
[BlackElo "2520"]
[PlyCount "65"]
[EventDate "2000.??.??"]
[EventType "tourn"]
[EventRounds "10"]
[EventCountry "RUS"]
[EventCategory "8"]
[SourceTitle "EXT 2001"]
[Source "ChessBase"]
[SourceDate "2000.11.22"]
[SourceVersion "1"]
[SourceVersionDate "2000.11.22"]
[SourceQuality "1"]

1. d4 d6 2. Nf3 Nf6 3. c4 Nbd7 4. Nc3 c6 5. Bg5 h6 6. Bh4 g5 7. Bg3 Nh5 8. e3 Bg7 9. Bd3 Ndf6 10. Nd2 Nxg3 11. hxg3 Bd7 12. a3 Qc7 13. Qc2 b5 14. cxb5 cxb5 15. b4 Rc8 16. Rc1 0-0 17. 0-0 Qb6 18. Qb1 a6 19. Rc2 Rc7 20. Nde4 e6 21. Nxf6+ Bxf6 22. Ne4 Bg7 23. Rxc7 Qxc7 24. Rc1 Qb6 25. g4 Rc8 26. Rxc8+ Bxc8 27. Qc2 Bd7 28. Be2 Qb8 29. Bf3 Kf8 30. Ng3 Kg8 31. Ne4 Kf8 32. Ng3 Kg8 33. Ne4 1/2-1/2

[Event "MK Cafe Cup-B"]
[Site "Koszalin"]
[Date "1999.08.08"]
[Round "6"]
[White "Chekhov, Valery A"]
[Black "Vokarev, Sergey"]
[Result "1/2-1/2"]
[WhiteElo "2499"]
[BlackElo "2469"]
[PlyCount "135"]
[EventDate "1999.08.03"]
[EventType "swiss"]
[EventRounds "10"]
[EventCountry "POL"]
[SourceTitle "EXT 2000"]
[Source "ChessBase"]
[SourceDate "1999.11.16"]
[SourceVersion "1"]
[SourceVersionDate "1999.11.16"]
[SourceQuality "1"]

1. Nf3 Nf6 2. c4 g6 3. Nc3 d5 4. cxd5 Nxd5 5. e4 Nxc3 6. dxc3 Qxd1+ 7. Kxd1 Nd7 8. Bc4 f6 9. Be3 e5 10. Nd2 a5 11. Ke2 Bc5 12. Rhd1 Ke7 13. a4 Bxe3 14. Kxe3 Nc5 15. Nb3 Nxb3 16. Bxb3 Bg4 17. f3 Bd7 18. Rd2 Rhd8 19. Rad1 Be8 20. Rxd8 Rxd8 21. Rxd8 Kxd8 22. g3 g5 23. Kd2 h6 24. Ke3 Ke7 25. Kd2 Kd6 26. Ke3 Kc5 27. Kd2 b6 28. Ke3 Bd7 29. Kd2 Bc8 30. Ke3 Ba6 31. Kd2 Bf1 32. Be6 c6 33. Bf7 Ba6 34. Be6 b5 35. axb5 cxb5 36. Ke3 b4 37. cxb4+ Kxb4 38. Kd2 Bf1 39. Bf7 Bb5 40. Bd5 Ba4 41. g4 Be8 42. Be6 h5 43. gxh5 Bxh5 44. Ke3 Kc5 45. Bg8 Kd6 46. Bc4 Kc5 47. Bg8 Be8 48. Be6 Bb5 49. Bb3 Kb4 50. Be6 Be8 51. Kd3 Bc6 52. Ke3 Kc5 53. Kd3 Be8 54. Bb3 Bb5+ 55. Ke3 Bd7 56. Kd3 Kb4 57. Bf7 Ba4 58. Kd2 Bd7 59. Kd3 f5 60. exf5 Bxf5+ 61. Ke3 Bc2 62. Bd5 Bb3 63. Bb7 Bc2 64. Bd5 a4 65. Be6 Bb3 66. Bd7 Bc2 67. Be6 Bb3 68. Bd7 1/2-1/2

[Event "MK Cafe Cup-B"]
[Site "Koszalin"]
[Date "1999.08.06"]
[Round "4"]
[White "Chekhov, Valery A"]
[Black "Bator, Robert"]
[Result "1-0"]
[WhiteElo "2499"]
[BlackElo "2431"]
[PlyCount "103"]
[EventDate "1999.08.03"]
[EventType "swiss"]
[EventRounds "10"]
[EventCountry "POL"]
[SourceTitle "EXT 2000"]
[Source "ChessBase"]
[SourceDate "1999.11.16"]
[SourceVersion "1"]
[SourceVersionDate "1999.11.16"]
[SourceQuality "1"]

1. Nf3 c5 2. c4 Nc6 3. Nc3 e5 4. g3 g6 5. Bg2 Bg7 6. a3 a5 7. 0-0 Nge7 8. Ne1 0-0 9. Nc2 d6 10. d3 Be6 11. Ne3 Rb8 12. Rb1 Qd7 13. Ned5 b6 14. Bd2 Bh3 15. Bxh3 Qxh3 16. b4 axb4 17. axb4 Nxd5 18. Nxd5 Qe6 19. Bc3 Ne7 20. Nxe7+ Qxe7 21. Qa4 Ra8 22. Qc6 Ra3 23. Rfc1 Ra2 24. Rb2 Rxb2 25. Bxb2 Rb8 26. b5 Bf8 27. Ra1 Qb7 28. Qxb7 Rxb7 29. Ra8 f5 30. f4 exf4 31. gxf4 Kf7 32. Kg2 Bh6 33. Kf3 Ke7 34. h3 Kf7 35. Bc3 Ke7 36. Be1 Bg7 37. Bh4+ Bf6 38. Rh8 Kf7 39. Bxf6 Kxf6 40. h4 h5 41. Rc8 Ke6 42. e4 Ra7 43. Rg8 fxe4+ 44. Kxe4 d5+ 45. cxd5+ Kf7 46. Rb8 Re7+ 47. Kf3 Re1 48. Rxb6 Rf1+ 49. Ke3 Re1+ 50. Kd2 Rf1 51. Rb8 Rxf4 52. b6 1-0

[Event "Pripis Memorial"]
[Site "Moscow"]
[Date "1999.??.??"]
[Round "1"]
[White "Chekhov, Valery A"]
[Black "Evdokimov, Alexander A"]
[Result "1-0"]
[WhiteElo "2511"]
[BlackElo "2252"]
[PlyCount "61"]
[EventDate "1999.??.??"]
[EventType "tourn"]
[EventRounds "12"]
[EventCountry "RUS"]
[EventCategory "7"]
[SourceTitle "EXT 2001"]
[Source "ChessBase"]
[SourceDate "2000.11.22"]
[SourceVersion "1"]
[SourceVersionDate "2000.11.22"]
[SourceQuality "1"]

1. d4 Nf6 2. c4 c5 3. d5 b5 4. Nf3 g6 5. cxb5 a6 6. b6 Qxb6 7. Nc3 d6 8. e4 Bg7 9. a4 0-0 10. a5 Qc7 11. h3 Ra7 12. Bc4 Rb7 13. 0-0 Rb4 14. Qe2 Ne8 15. Re1 Qb7 16. Ra2 Nc7 17. Na4 Bd7 18. Nb6 Bb5 19. Bxb5 Nxb5 20. e5 dxe5 21. Nxe5 Nd4 22. Qd3 e6 23. d6 Nbc6 24. Ned7 Rb5 25. Nxf8 Nb4 26. Qc4 Bxf8 27. d7 Be7 28. Ra4 Bd8 29. Rxb4 Rxb4 30. Qxc5 Rxb6 31. Bh6 1-0

[Event "Dresden op 07th"]
[Site "Dresden"]
[Date "1998.08.24"]
[Round "9"]
[White "Bannink, Bernard"]
[Black "Chekhov, Valery A"]
[Result "0-1"]
[WhiteElo "2220"]
[BlackElo "2525"]
[PlyCount "60"]
[EventDate "1998.08.??"]
[EventType "swiss"]
[EventRounds "9"]
[EventCountry "GER"]
[SourceTitle "EXT 1999"]
[Source "ChessBase"]
[SourceDate "1998.11.16"]
[SourceVersion "1"]
[SourceVersionDate "1998.11.16"]
[SourceQuality "1"]

1. Nc3 c5 2. e4 e6 3. Nf3 Nc6 4. d4 cxd4 5. Nxd4 Nf6 6. Ndb5 d6 7. Bf4 e5 8. Bg5 a6 9. Na3 Be6 10. Nc4 Rc8 11. Ne3 Be7 12. Bxf6 Bxf6 13. Ncd5 Bg5 14. c3 0-0 15. Bc4 Kh8 16. 0-0 g6 17. Qe2 Bh6 18. Rad1 b5 19. Bd3 f5 20. exf5 gxf5 21. f4 Ne7 22. Nxe7 Qxe7 23. fxe5 Qa7 24. Rde1 dxe5 25. Kh1 e4 26. Bb1 Rcd8 27. b3 Qg7 28. Rd1 f4 29. Rxd8 Rxd8 30. Nc2 f3 0-1

[Event "Dresden op 07th"]
[Site "Dresden"]
[Date "1998.08.20"]
[Round "5"]
[White "Cladouras, Panagiotis"]
[Black "Chekhov, Valery A"]
[Result "1/2-1/2"]
[WhiteElo "2360"]
[BlackElo "2525"]
[PlyCount "48"]
[EventDate "1998.08.??"]
[EventType "swiss"]
[EventRounds "9"]
[EventCountry "GER"]
[SourceTitle "EXT 1999"]
[Source "ChessBase"]
[SourceDate "1998.11.16"]
[SourceVersion "1"]
[SourceVersionDate "1998.11.16"]
[SourceQuality "1"]

1. e4 d6 2. d4 Nf6 3. Nc3 c6 4. Nf3 Bg4 5. Be3 e6 6. Qd2 d5 7. Ne5 dxe4 8. h3 Bf5 9. g4 Bg6 10. h4 h6 11. Nxg6 fxg6 12. g5 hxg5 13. Bxg5 Bb4 14. Bc4 Qd6 15. a3 Bxc3 16. Qxc3 Nbd7 17. Qh3 e5 18. 0-0-0 exd4 19. Rxd4 Qxd4 20. Qe6+ Kd8 21. Rd1 Qxd1+ 22. Kxd1 Re8 23. Qd6 Re7 24. Ke2 Ke8 1/2-1/2

[Event "Dresden op 07th"]
[Site "Dresden"]
[Date "1998.08.19"]
[Round "4"]
[White "Chekhov, Valery A"]
[Black "Kahn, Manfred"]
[Result "1-0"]
[WhiteElo "2525"]
[BlackElo "2225"]
[PlyCount "55"]
[EventDate "1998.08.??"]
[EventType "swiss"]
[EventRounds "9"]
[EventCountry "GER"]
[SourceTitle "EXT 1999"]
[Source "ChessBase"]
[SourceDate "1998.11.16"]
[SourceVersion "1"]
[SourceVersionDate "1998.11.16"]
[SourceQuality "1"]

1. d4 d5 2. c4 e6 3. Nc3 Bb4 4. e3 Nf6 5. Bd3 0-0 6. Nge2 b6 7. a3 Bxc3+ 8. bxc3 Ba6 9. cxd5 Bxd3 10. Qxd3 exd5 11. 0-0 Nc6 12. f3 Re8 13. Ng3 Na5 14. Rb1 c5 15. e4 cxd4 16. cxd4 dxe4 17. fxe4 Nc6 18. Bb2 Ne5 19. Qb3 Ng6 20. Rbe1 Qd7 21. Rxf6 gxf6 22. Nh5 Qd6 23. Qf3 Rec8 24. Nxf6+ Kf8 25. Rf1 Rc2 26. Nxh7+ Kg7 27. Qxf7+ Kh6 28. Nf6 1-0

[Event "Dresden op 07th"]
[Site "Dresden"]
[Date "1998.08.18"]
[Round "3"]
[White "Dittmar, Peter"]
[Black "Chekhov, Valery A"]
[Result "1/2-1/2"]
[WhiteElo "2305"]
[BlackElo "2525"]
[PlyCount "81"]
[EventDate "1998.08.??"]
[EventType "swiss"]
[EventRounds "9"]
[EventCountry "GER"]
[SourceTitle "EXT 1999"]
[Source "ChessBase"]
[SourceDate "1998.11.16"]
[SourceVersion "1"]
[SourceVersionDate "1998.11.16"]
[SourceQuality "1"]

1. d4 d6 2. c4 e5 3. Nf3 e4 4. Ng1 c6 5. Nc3 f5 6. Nh3 Nf6 7. Bg5 Be7 8. Nf4 Na6 9. e3 Nc7 10. Bxf6 Bxf6 11. Nh5 0-0 12. Nxf6+ Qxf6 13. g3 Be6 14. Be2 Qf7 15. b3 d5 16. cxd5 Nxd5 17. Rc1 Rad8 18. Nxd5 Bxd5 19. h4 b5 20. Qd2 Rd6 21. Qb4 Rfd8 22. Kd2 Qc7 23. Qxb5 Qb6 24. Qc5 Kf7 25. Rc2 g6 26. Rf1 Ke6 27. g4 Kd7 28. gxf5 gxf5 29. Rg1 Rg6 30. Rxg6 hxg6 31. Rc1 Rh8 32. Rg1 Qxc5 33. dxc5 Bf7 34. Rh1 Ke7 35. Kc3 Kf6 36. f4 exf3 37. Bxf3 Re8 38. Kd4 Rd8+ 39. Kc3 Re8 40. Kd4 Rd8+ 41. Kc3 1/2-1/2

[Event "RUS-Cup02"]
[Site "Moscow"]
[Date "1998.??.??"]
[Round "3"]
[White "Chekhov, Valery A"]
[Black "Krasilnikov, Viatcheslav"]
[Result "1-0"]
[WhiteElo "2520"]
[BlackElo "2320"]
[PlyCount "49"]
[EventDate "1998.01.21"]
[EventType "swiss"]
[EventRounds "9"]
[EventCountry "RUS"]
[SourceTitle "CBM 063"]
[Source "ChessBase"]
[SourceDate "1998.03.26"]
[SourceVersion "1"]
[SourceVersionDate "1998.03.26"]
[SourceQuality "1"]

1. d4 Nf6 2. c4 g6 3. Nc3 d5 4. Bf4 Bg7 5. e3 c5 6. dxc5 Qa5 7. Qa4+ Qxa4 8. Nxa4 Ne4 9. cxd5 Bd7 10. f3 Bxa4 11. fxe4 Bxb2 12. Rb1 Bc3+ 13. Kf2 Nd7 14. Rc1 Nxc5 15. Kf3 Bb4 16. Rc4 Bb5 17. Rxb4 Bxf1 18. Ne2 Bxe2+ 19. Kxe2 Kd7 20. e5 h6 21. e4 Rac8 22. Be3 b6 23. Rf1 Rh7 24. Rc4 Nb7 25. e6+ 1-0

[Event "Orel"]
[Site "Orel"]
[Date "1998.??.??"]
[Round "11"]
[White "Egin, Vladimir"]
[Black "Chekhov, Valery A"]
[Result "1/2-1/2"]
[WhiteElo "2470"]
[BlackElo "2520"]
[PlyCount "80"]
[EventDate "1998.??.??"]
[EventType "tourn"]
[EventRounds "13"]
[EventCountry "RUS"]
[EventCategory "6"]
[SourceTitle "EXT 2002"]
[Source "ChessBase"]
[SourceDate "2001.11.25"]
[SourceVersion "1"]
[SourceVersionDate "2001.11.25"]
[SourceQuality "1"]

1. e4 c5 2. c3 Nf6 3. e5 Nd5 4. d4 cxd4 5. cxd4 d6 6. Nf3 Nc6 7. Bc4 Nb6 8. Bb5 dxe5 9. Nxe5 Bd7 10. Bxc6 Bxc6 11. Nxc6 bxc6 12. Nc3 g6 13. Be3 Bg7 14. 0-0 0-0 15. Rc1 Rb8 16. b3 Rb7 17. Ne2 Nd5 18. Rxc6 Nxe3 19. fxe3 Bh6 20. Rf3 e5 21. Qc2 Re8 22. dxe5 Rd7 23. Qc4 Qa5 24. Nc3 Qxe5 25. e4 Rd2 26. Rc7 Qe6 27. Qxe6 Rxe6 28. Rxa7 Rc6 29. h4 Bg7 30. Ra8+ Bf8 31. b4 Kg7 32. a3 Be7 33. Ra7 Bf6 34. e5 Bxe5 35. Raxf7+ Kh6 36. Ne4 Rb2 37. Nc5 Bd4+ 38. Kh2 Bxc5 39. bxc5 Rxc5 40. Kh3 Rcc2 1/2-1/2

[Event "Orel"]
[Site "Orel"]
[Date "1998.??.??"]
[Round "4"]
[White "Mochalov, Evgeny Veniaminovic"]
[Black "Chekhov, Valery A"]
[Result "1/2-1/2"]
[WhiteElo "2430"]
[BlackElo "2520"]
[PlyCount "23"]
[EventDate "1998.??.??"]
[EventType "tourn"]
[EventRounds "13"]
[EventCountry "RUS"]
[EventCategory "6"]
[SourceTitle "EXT 2002"]
[Source "ChessBase"]
[SourceDate "2001.11.25"]
[SourceVersion "1"]
[SourceVersionDate "2001.11.25"]
[SourceQuality "1"]

1. d4 d5 2. c4 c6 3. Nf3 Nf6 4. Nc3 a6 5. cxd5 cxd5 6. Bf4 Bf5 7. e3 e6 8. Bd3 Bxd3 9. Qxd3 Bd6 10. Bxd6 Qxd6 11. 0-0 0-0 12. Rfc1 1/2-1/2